| 000 | 00829nam a22002057a 4500 | ||
|---|---|---|---|
| 003 | BD-DhUL | ||
| 005 | 20180301134947.0 | ||
| 008 | 161009s2008 ii a|||| |||| 000 0 ben d | ||
| 040 |
_aBD-DhUL _cBD-DhUL |
||
| 082 |
_a294.5923 _bMAM |
||
| 130 | 1 | _aমহাভারত । বাংলা | |
| 245 | 0 |
_aমহাভারত : _bখণ্ড : ১ / _cবেদব্যাস বিরচিত ; কালীপ্রসন্ন সিংহ অনুদিত। |
|
| 250 | _bরাজ সং., ৮ম সং. | ||
| 260 |
_aকলকাতা : _bতুলি-কলম, _c২০০৮। |
||
| 300 |
_a খ. : _bচিত্র ; _c২৭ সেমি. |
||
| 650 | 4 | _aহিন্দুধর্ম | |
| 650 | 4 | _aHinduism | |
| 700 | 1 |
_aসিংহ, কালীপ্রসন্ন _eঅনু. |
|
| 942 |
_2ddc _cBK |
||
| 999 |
_c238777 _d238777 |
||